Frustaciones de un destino: la democracia en América Latina /

Gespeichert in:
Bibliographische Detailangaben
1. Verfasser: Paz, Octavio
Weitere Verfasser: Rangel, Carlos Meyer, Jean Krauze, Enrique Zaid, Gabriel Franqui, Carlos Cabrera Infante, Guillermo Pastor, Rodolfo
Format: Text
Veröffentlicht: San José: Libro Libre
Tags: Tag hinzufügen
Keine Tags, Fügen Sie den ersten Tag hinzu!

MARC

LEADER 00000 a a2200000 04500
001 24689
003
040 |a CRAI/IIS  |c CRAI/IIS 
020 |a 9977-901-21-X  
090 |a 177600  
100 |a Paz, Octavio  
245 |a Frustaciones de un destino: la democracia en América Latina /  |c Octavio Paz 
260 |a San José:   |b Libro Libre  
300 |a 298 p.  
700 |a Rangel, Carlos   |a Meyer, Jean   |a Krauze, Enrique   |a Zaid, Gabriel   |a Franqui, Carlos   |a Cabrera Infante, Guillermo   |a Pastor, Rodolfo  
999 |c 2514  |d 2514